Top 10 - Buteurs en Ligue 1 saison 15/16 - Statistiques

Statistiques générales
  • Ce quiz a été pris 93 fois
  • Le résultat moyen est 5 sur 10
Statistiques - réponses
Club Buts Joueur % Correct
Paris Saint-Germain 38 Zlatan Ibrahimovic
99%
Olympique Lyonnais 21 Alexandre Lacazette
95%
Paris Saint-Germain 19 Edinson Cavani
95%
Toulouse FC 17 Wissam Ben Yedder
59%
OGC Nice 14 Valère Germain
39%
OGC Nice 17 Hatem Ben Arfa
37%
SM Caen 12 Andy Delort
34%
Olympique de Marseille 17 Michy Batshuayi
27%
Stade Rennais FC 12 Ousmane Dembélé
23%
FC Lorient 13 Benjamin Moukandjo
20%
Aucun quiz correspondant
Distribution des résultats
% des personnes avec chaque résultat
Percentile par nombre de réponses
Votre historique - résultats
Vous n’avez pas pris ce quiz